Statistics for Most Visited U.S. States by Ontarians

Click here to take the quiz!

General Stats

  • This quiz has been taken 172 times
  • The average score is 8 of 10

Answer Stats

VisitsState% Correct
2,419,000New York
98%
395,000California
96%
1,993,000Florida
96%
1,360,000Michigan
93%
327,000Illinois
88%
559,000Pennsylvania
82%
406,000Nevada
78%
442,000Ohio
78%
287,000Georgia
67%
278,000South Carolina
35%

Score Distribution

Percentile by Number Answered

Percent of People with Each Score

Your Score History

You have not taken this quiz